000
00443nam a2200169Ia 4500
008
090711s9999 xx 000 0 und d
082
_b
60215
100
_a
नांगरे बलराम
245
_a
अपंगा
260
_c
1965
300
_a
127
600
_a
नांगरे बलराम
630
_a
अपंगा
700
_a
नांगरे बलराम
730
_a
अपंगा
942
_c
BOOK
999
_c
307240
_d
307240